Phương pháp định lượng trong quản lý và vận hành
Đã lưu trong:
| Hovedforfatter: | |
|---|---|
| Format: | Bog |
| Sprog: | Undetermined |
| Udgivet: |
H.
KHKT
2003
|
| Fag: | |
| Tags: |
Tilføj Tag
Ingen Tags, Vær først til at tagge denne postø!
|
| Thư viện lưu trữ: | Trung tâm Học liệu Trường Đại học Cần Thơ |
|---|
| LEADER | 00598nam a2200193Ia 4500 | ||
|---|---|---|---|
| 001 | CTU_54432 | ||
| 008 | 210402s9999 xx 000 0 und d | ||
| 020 | |b 35000 | ||
| 082 | |a 658.4033 | ||
| 082 | |b L561 | ||
| 100 | |a Huỳnh Trung Lương | ||
| 245 | 0 | |a Phương pháp định lượng trong quản lý và vận hành | |
| 245 | 0 | |c Huỳnh Trung Lương và Lương Tôn Hiền Đức | |
| 260 | |a H. | ||
| 260 | |b KHKT | ||
| 260 | |c 2003 | ||
| 650 | |a industrial management | ||
| 650 | |x mathematical models | ||
| 980 | |a Trung tâm Học liệu Trường Đại học Cần Thơ | ||